Entry Personal Name
Number of records used in: 1
001 - CONTROL NUMBER
003 - CONTROL NUMBER IDENTIFIER
005 - DATE AND TIME OF LATEST TRANSACTION
- control field:
20231204140839.0
008 - FIXED-LENGTH DATA ELEMENTS
- fixed length control field:
880125n| azannaabn |a aaa
010 ## - LIBRARY OF CONGRESS CONTROL NUMBER
- LC control number:
n 87930246
035 ## - SYSTEM CONTROL NUMBER
- System control number:
(OCoLC)oca02188156
040 ## - CATALOGING SOURCE
- Original cataloging agency:
DLC
- Language of cataloging:
eng
- Description conventions:
rda
- Transcribing agency:
DLC
- Modifying agency:
OCoLC
- Modifying agency:
DLC
100 0# - HEADING--PERSONAL NAME
370 ## - ASSOCIATED PLACE
- Place of residence/headquarters:
Prayagraj (India)
- Source of term:
naf
372 ## - FIELD OF ACTIVITY
- Field of activity:
English literature
- Source of term:
lcsh
373 ## - ASSOCIATED GROUP
- Associated group:
University of Allahabad
- Source of term:
naf
374 ## - OCCUPATION
- Occupation:
University and college faculty members
- Source of term:
lcdgt
377 ## - ASSOCIATED LANGUAGE
- Language code:
eng
- Language code:
hin
400 1# - SEE FROM TRACING--PERSONAL NAME
400 0# - SEE FROM TRACING--PERSONAL NAME
- Personal name:
Āloka Rāya
670 ## - SOURCE DATA FOUND
- Source citation:
His Orwell and the politics of despair, 1988:
- Information found:
CIP t.p. (Alok Rai, reader in English, Univ. of Allahabad, New Delhi)
670 ## - SOURCE DATA FOUND
- Source citation:
Hindī rāshṭravāda, 2022:
- Information found:
t.p. (Āloka Rāya) t.p. verso (Alok Rai) jkt. (lives in Allahabad)